000 00333 a2200157 4500
001 169302
020 _a
040 _cMagnum
100 _aNegroponte, Nicholas
240 1 0 _aA vida digital
_lpor
245 1 0 _aA vida digital
362 0 _a1899
440 1 _aCompanhia das Letras
697 _aORGANIZACAO SOCIAL
942 _cBK
999 _c169302
_d169302